Vainqueurs du Ballon d'or - Mort subite - Statistiques

Statistiques générales
  • Ce quiz a été pris 1 664 fois
    1 100 depuis la dernière actualisation
  • Le résultat moyen est 9 sur 17
Answers on the Grid
Answers color-coded by a green-red scale on the quiz's grid according to % correct below.
Luis Suarez
Lionel Messi
Neymar Jr
Zinédine Zidane
Pelé
Rodri
Diego Maradona
Cristiano Ronaldo
Michel Platini
Zlatan Ibrahimovic
Eric Cantona
Ronaldinho
Franz Beckenbauer
Antoine Griezmann
Johan Cruyff
Kylian Mbappe
Raymond Kopa
Eusebio
Ruud Gullit
Erling Haaland
Thierry Henry
Xavi
Marco Van Basten
Andrés Iniesta
Luka Modric
Franck Ribéry
Vinicius Jr
Kaka
Robert Lewandowski
Karim Benzema
Jean Pierre Papin
Ferenc Puskas
 
Statistiques - réponses
Réponse % Correct
Lionel Messi
71%
Cristiano Ronaldo
70%
Zinédine Zidane
68%
Karim Benzema
67%
Luka Modric
66%
Rodri
64%
Michel Platini
63%
Ronaldinho
61%
Kaka
60%
Johan Cruyff
58%
Jean Pierre Papin
53%
Franz Beckenbauer
52%
Marco Van Basten
49%
Raymond Kopa
42%
Eusebio
39%
Ruud Gullit
39%
Luis Suarez
16%
Aucun quiz correspondant
Distribution des résultats
% des personnes avec chaque résultat
Percentile par nombre de réponses
Votre historique - résultats
Vous n’avez pas pris ce quiz depuis la dernière actualisation